| 000 | 02096nam a22004697a 4500 | ||
|---|---|---|---|
| 003 | CHAP | ||
| 005 | 20220329140042.0 | ||
| 008 | 971013s1919 r 00010 d | ||
| 010 | _a46268 | ||
| 011 | _a47240 | ||
| 035 | _a51382 | ||
| 040 | _cCHAP | ||
| 082 |
_a630.72 _bU52 |
||
| 110 |
_aUniversidad Autónoma Agraria Antonio Narro. Saltillo, Coah. _9116288 |
||
| 245 | _aAvances de investigación | ||
| 260 |
_aSaltillo, Coah. : _bLa Universidad, _c19 - 19 |
||
| 300 | _av. | ||
| 500 | _aLa biblioteca tiene: 1978, 1979, 1980, 1981, 1982, 1983 | ||
| 590 |
_aBATCH-UPD _b10 _c20130110 _lUCH01 _h0025 |
||
| 590 |
_aBATCH-UPD _b10 _c20130110 _lUCH01 _h1908 |
||
| 590 |
_aBATCH-UPD _b10 _c20130409 _lUCH01 _h2006 |
||
| 590 |
_aBATCH-UPD _b10 _c20130410 _lUCH01 _h1236 |
||
| 590 |
_aBATCH-UPD _b10 _c20130913 _lUCH01 _h2058 |
||
| 590 |
_aCONVERSION _b10 _c20130109 _lUCH01 _h1325 |
||
| 650 | 1 | 4 |
_aAgricultura _xCoahuila. _91365 |
| 650 | 1 | 4 |
_aAgricultura _xInvestigación _xCoahuila. _91601 |
| 650 | 1 | 4 |
_aAgricultura _xInvestigacion _xRegiones aridas. _91666 |
| 650 | 1 | 4 |
_aRegiones áridas _xAgricultura. _995670 |
| 901 | _aBK | ||
| 942 | _cLIBRO | ||
| 949 |
_a630.72 U52 _bBC _cLIBRO _d33724000044202 _eLIBRO _f1978 _h50810 _i51382 _mD _si |
||
| 949 |
_a630.72 U52 _bBC _cLIBRO _d33724000044251 _eLIBRO _f1981 _h75961 _i51382 _mD _si |
||
| 949 |
_a630.72 U52 _bBC _cLIBRO _d33724000044269 _eLIBRO _f1978 c.2 _h54406 _i51382 _si |
||
| 949 |
_a630.72 U52 _bBC _cLIBRO _d33724000044277 _eLIBRO _f1980 _h38383 _i51382 _mD _si |
||
| 949 |
_a630.72 U52 _bBC _cLIBRO _d33724000044301 _eLIBRO _f1982 _h71967 _i51382 _si |
||
| 949 |
_a630.72 U52 _bBC _cLIBRO _d33724000044319 _eLIBRO _f1980 c.2 _h60810 _i51382 _si |
||
| 949 |
_a630.72 U52 _bBC _cLIBRO _d33724000044327 _eLIBRO _f1979 c.3 _h61401 _i51382 _mD _si |
||
| 949 |
_a630.72 U52 _bBC _cLIBRO _d33724000044335 _eLIBRO _f1979 c.2 _h60809 _i51382 _mD _si |
||
| 949 |
_a630.72 U52 _bBC _cLIBRO _d33724000044343 _eLIBRO _f1979 _h38382 _i51382 _mD _si |
||
| 949 |
_a630.72 U52 _bBC _cLIBRO _d33724000044384 _eLIBRO _f1983 _h71968 _i51382 _si |
||
| 949 |
_a630.72 U52 _bBC _cLIBRO _d33724000044590 _eLIBRO _f1978 c.3 _h54407 _i51382 _si |
||
| 999 |
_c46268 _d46268 |
||